Shedding light on domestic energy use (Record no. 107088)

MARC details
000 -LEADER
fixed length control field 01176cam a22002295a 4500
001 - CONTROL NUMBER
control field L138258
008 - FIXED-LENGTH DATA ELEMENTS--GENERAL INFORMATION
fixed length control field 070524e2006 xxk f 100 0 eng d
035 ## - SYSTEM CONTROL NUMBER
System control number (Sirsi) u138258
041 0# - LANGUAGE CODE
Language code of text/sound track or separate title eng
100 1# - MAIN ENTRY--PERSONAL NAME
Personal name Stokes, M.
245 00 - TITLE STATEMENT
Title Shedding light on domestic energy use
Remainder of title a cross-discipline study of lighting homes
Medium [electronic resource]
260 ## - PUBLICATION, DISTRIBUTION, ETC.
Date of publication, distribution, etc. 2006
490 #0 - SERIES STATEMENT
Series statement COBRA
Volume/sequential designation 2006
520 ## - SUMMARY, ETC.
Summary, etc. Reports that despite the availability of compact fluorescent light (CFL) bulbs, and significant efforts to drive down energy usage for domestic lighting, demand continues to increase. Report that the use of lighting relates as much to establishing a mood as clarity of vision, and that a desire to have stylish interiors can over-ride environmental principles.
651 #4 - SUBJECT ADDED ENTRY--GEOGRAPHIC NAME
Geographic name International
690 ## - LOCAL SUBJECT ADDED ENTRY--TOPICAL TERM (OCLC, RLIN)
Topical term or geographic name as entry element ENVIRONMENTAL AND LAND CONSULTANCY-ENERGY-ENERGY USE
700 1# - ADDED ENTRY--PERSONAL NAME
Personal name Crosbie, T.
700 1# - ADDED ENTRY--PERSONAL NAME
Personal name Guy, S.
711 2# - ADDED ENTRY--MEETING NAME
Meeting name or jurisdiction name as entry element Construction and Building Research Conference
Location of meeting University College London, London
Date of meeting or treaty signing 7-8 September 2006
856 40 - ELECTRONIC LOCATION AND ACCESS
Uniform Resource Identifier <a href="https://www.rics.org/site/scripts/download_info.aspx?downloadID=2968">https://www.rics.org/site/scripts/download_info.aspx?downloadID=2968</a>
Public note View the item free of charge at www.rics.org...
942 ## - ADDED ENTRY ELEMENTS (KOHA)
Suppress in OPAC 0
Holdings
Withdrawn status Lost status Source of classification or shelving scheme Damaged status Not for loan Home library Current library Shelving location Date acquired Total Checkouts Full call number Barcode Date last seen Copy number Price effective from Koha item type
    Dewey Decimal Classification     Virtual Virtual Online 24/05/2007   ONLINE PUBLICATION 138258-2001 06/08/2019 1 06/08/2019 Book